The kite runner / (Record no. 13598)
[ view plain ]
| 000 -LEADER | |
|---|---|
| fixed length control field | 01475cim a22003614a 4500 |
| 001 - CONTROL NUMBER | |
| control field | 13598 |
| 003 - CONTROL NUMBER IDENTIFIER | |
| rucl marc code | BD-RjUL |
| 005 - DATE AND TIME OF LATEST TRANSACTION | |
| control field | 20211208235459.0 |
| 008 - FIXED-LENGTH DATA ELEMENTS--GENERAL INFORMATION | |
| fixed length control field | 140201s2003 nyunnn f| eng |
| 020 ## - INTERNATIONAL STANDARD BOOK NUMBER | |
| International Standard Book Number | 0743530233 |
| 035 ## - SYSTEM CONTROL NUMBER | |
| System control number | (BD-RjUL)13650 |
| 040 ## - CATALOGING SOURCE | |
| Original cataloging agency | DLC |
| Transcribing agency | DLC |
| Modifying agency | DLC |
| Language of cataloging | eng |
| 041 ## - LANGUAGE CODE | |
| Language code of text/sound track or separate title | eng |
| 082 ## - DEWEY DECIMAL CLASSIFICATION NUMBER | |
| Edition number | 22 |
| Classification number | 813.6 2 |
| Author mark and year | HOK 2003 |
| 100 1# - MAIN ENTRY--PERSONAL NAME | |
| Personal name | Hosseini, Khaled. |
| 9 (RLIN) | 42542 |
| 245 14 - TITLE STATEMENT | |
| Title | The kite runner / |
| Statement of responsibility, etc. | Khaled Hosseini. |
| 260 ## - PUBLICATION, DISTRIBUTION, ETC. (IMPRINT) | |
| Place of publication, distribution, etc. | New York : |
| Name of publisher, distributor, etc. | Simon & Schuster Audio, |
| Date of publication, distribution, etc. | p2003. |
| 300 ## - PHYSICAL DESCRIPTION | |
| Pagination | 371 p. ; |
| Size | 18 cm. |
| 500 ## - GENERAL NOTE | |
| General note | Unabridged. |
| General note | In container (18 cm.). |
| 520 ## - SUMMARY, ETC. | |
| Summary, etc. | Story of the friendship between two boys growing up in Kabul during the final days of the monarchy. When Amir is forced to flee with his prominent and wealthy father for a new life in California, he leaves behind Hassan, the son of his father's servant. Amir cannot, however, leave the memory of Hassan behind him. |
| 650 #0 - SUBJECT ADDED ENTRY--TOPICAL TERM | |
| Topical term or geographic name as entry element | Betrayal |
| Form subdivision | Fiction. |
| 9 (RLIN) | 42543 |
| Topical term or geographic name as entry element | Boys |
| Form subdivision | Fiction. |
| 9 (RLIN) | 42544 |
| Topical term or geographic name as entry element | Male friendship |
| Form subdivision | Fiction. |
| 9 (RLIN) | 42545 |
| Topical term or geographic name as entry element | Social classes |
| Form subdivision | Fiction. |
| 9 (RLIN) | 42546 |
| 651 #0 - SUBJECT ADDED ENTRY--GEOGRAPHIC NAME | |
| Geographic name | Kabul (Afghanistan) |
| Form subdivision | Fiction. |
| 9 (RLIN) | 42547 |
| Geographic name | Afghanistan |
| Form subdivision | Fiction. |
| 9 (RLIN) | 42548 |
| 856 42 - ELECTRONIC LOCATION AND ACCESS | |
| Materials specified | Contributor biographical information |
| Uniform Resource Identifier | <a href="http://www.loc.gov/catdir/bios/simon053/2004567972.html">http://www.loc.gov/catdir/bios/simon053/2004567972.html</a> |
| Materials specified | Publisher description |
| Uniform Resource Identifier | <a href="http://www.loc.gov/catdir/description/simon052/2004567972.html">http://www.loc.gov/catdir/description/simon052/2004567972.html</a> |
| 942 ## - ADDED ENTRY ELEMENTS (KOHA) | |
| Source of classification or shelving scheme | Dewey Decimal Classification |
| Koha item type | Books |
| Lost status | Source of classification or shelving scheme | Damaged status | Not for loan | Collection code | Permanent Location | Current Location | Shelving location | Date acquired | Source of acquisition | Cost, normal purchase price | Total Checkouts | Full call number | Date last seen | Copy number | Koha item type |
|---|---|---|---|---|---|---|---|---|---|---|---|---|---|---|---|
| Dewey Decimal Classification | Not For Loan | Non-fiction | Central Library, University of Rajshahi | Central Library, University of Rajshahi | Reading Room | 03/11/2013 | Dhaka american central library | 4.00 | 813.6 2 HOK 2004 | 01/02/2014 | C-1 | Books |